Southville International School and Colleges
Your cart is empty.
  • Cart
  • Lists
    Public lists Eva Luna New books Lux_list list_1
    Your lists Log in to create your own lists
  • Log in to your account
  • Your cookies
  • Search history
Southville International School and Colleges
  • Advanced search
  • Recent comments
  • Most popular
  • Libraries

Log in to your account

Log in with GOOGLE


If you do not have an external account, but do have a local account, you can still log in:

  1. Home
  2. MARC view: Make up your mind :
Normal view MARC view ISBD view

Make up your mind : (Record no. 25347)

[ view plain ]
MARC details
000 -LEADER
fixed length control field 00798nam a2200217 a 4500
003 - CONTROL NUMBER IDENTIFIER
control field PILC
005 - DATE AND TIME OF LATEST TRANSACTION
control field 20160205073526.0
008 - FIXED-LENGTH DATA ELEMENTS--GENERAL INFORMATION
fixed length control field 121201s19uu xx 00 eng d
020 ## - INTERNATIONAL STANDARD BOOK NUMBER
International Standard Book Number 9781118172711
050 ## - LIBRARY OF CONGRESS CALL NUMBER
Classification number BF 448
Item number .M66 2012
100 ## - MAIN ENTRY--PERSONAL NAME
Personal name Mooz, Hal.
245 ## - TITLE STATEMENT
Title Make up your mind :
Remainder of title a decision-making guide to thinking clearly and choosing wisely /
Statement of responsibility, etc Hal Mooz.
260 ## - PUBLICATION, DISTRIBUTION, ETC. (IMPRINT)
Place of publication, distribution, etc Hoboken, N.J :
Name of publisher, distributor, etc Wiley,
Date of publication, distribution, etc 2012.
300 ## - PHYSICAL DESCRIPTION
Extent xxi, 166 pages :
Other physical details illustrations ;
Dimensions 24 cm.
500 ## - GENERAL NOTE
General note Includes indexes.
520 ## - SUMMARY, ETC.
Summary, etc A proven decision-making system guides readers to the right choice every time Make Up Your Mind provides author Hal Mooz's proprietary system for decision making
650 ## - SUBJECT ADDED ENTRY--TOPICAL TERM
Topical term or geographic name as entry element Decision making.
650 ## - SUBJECT ADDED ENTRY--TOPICAL TERM
Topical term or geographic name as entry element Thought and thinking.
942 ## - ADDED ENTRY ELEMENTS (KOHA)
Koha item type Books
Source of classification or shelving scheme Library of Congress Classification
Call number prefix Foreign
Holdings
Withdrawn status Lost status Source of classification or shelving scheme Damaged status Home library Current library Shelving location Date acquired Total Checkouts Total Renewals Full call number Barcode Date last seen Date checked out Price effective from Koha item type
    Library of Congress Classification   College Library College Library Reserve Section 12/01/2012 1 1 BF 448 .M66 2012 C15388 05/15/2018 03/04/2015 03/10/2014 Books

Make up your mind :

APA

Mooz H., . (2012). Make up your mind. Hoboken, N.J: Wiley.

Chicago

Mooz Hal, . 2012. Make up your mind. Hoboken, N.J: Wiley.

Harvard

Mooz H., . (2012). Make up your mind. Hoboken, N.J: Wiley.

MLA

Mooz Hal, . Make up your mind. Hoboken, N.J: Wiley. 2012.

  • Place hold
  • Print
  • Cite
  • Add to your cart (remove)
  • Save record
    BIBTEX Dublin Core MARCXML MARC (non-Unicode/MARC-8) MARC (Unicode/UTF-8) MARC (Unicode/UTF-8, Standard) MODS (XML) RIS
  • More searches
    Search for this title in:
    Other Libraries (WorldCat) Other Databases (Google Scholar) Online Stores (Bookfinder.com) Open Library (openlibrary.org)

Exporting to Dublin Core...

SOUTHVILLE LIBRARY

Southville International School and Colleges Library

1281 Tropical Ave. Cor. Luxembourg St., BF Homes International, Las Pinas City

Tel. No. 8256374 / 252358 Loc. 117/146

Powered by Koha